000 00471nam a2200145 i 4500
001 25649
003 ES-MaACL
007 t|
008 021227s1945 sp ||||1| spa d
100 1 _aArche Hermosa, Felipe.
_922477
245 1 3 _aEl ganado vacuno en la montaña /
_cFelipe Arche Hermosa.
260 _aSantander :
_b[s.n.,
_c1945] (
_fTalls. Tipográficos del Hogar Provincial de Santander)
300 _a207 p. :
_bil. ;
_c24 cm.
852 _aES-MaACL
_jE-2001
_bR.22889
999 _c25649
_d25649